| 000 | 00866nam a2200217Ia 4500 | ||
|---|---|---|---|
| 999 |
_c38415 _d38415 |
||
| 001 | 4426 | ||
| 003 | GE_BSU | ||
| 005 | 20190514201411.0 | ||
| 008 | 181216s1997||||ge |||||||||||||| ||geo|| | ||
| 040 | _cGE_BSU | ||
| 041 | _ageo | ||
| 080 | _a519.8(075.8) გ–59 | ||
| 100 |
_aგოგიჩაიშვილი, გ _91123 |
||
| 245 |
_aოპერაციათა კვლევა. ნაწ.2 : ლექციების კონსპექტი / _cგ.გოგიჩაიშვილი ; ო. შონია; ი. ქართველიშვილი ი . |
||
| 264 |
_aთბილისი , _c1997. |
||
| 300 |
_a110 გვ .; _c20 სმ. |
||
| 653 | _aოპერაციათა კვლევა | ||
| 700 |
_aშონია, ო _91156 |
||
| 700 |
_aქართველიშვილი, ი _91153 |
||
| 942 |
_cBK _2udc |
||